00509cam a22002051 4500001001300000003000400013005001700017008004100034010001700075035002000092040001800112042001200130050001600142100002700158245003700185260001000222300001900232650003500251999001700286ne 66001058 DLC20260227111824.0890324s1965 xx b 000 0 ara  ane 66001058  a(OCoLC)23486787 aDLCcMiUdDLC apremarc00aZ7052b.A871 aʻAwwād, Kūrkīs.13aal-Mabāḥith al-lughawīyah. c1965. a150 p.c25 cm. 0aArabic languagevBibliography. c48945d48945